000 00559nam a2200169Ia 4500
003 GCL
008 140319s9999 xx 000 0 ara d
040 _aGCL /
_cGCL
082 0 4 _a276.17
_bم ب
100 1 _aمحمد فوزى
245 1 0 _aالبابا شنودة : حوار محظور النشر /
_cمحمد فوزى
490 _aالهيئة العامة للاستعلامات
_v0
650 0 4 _aالكنيسة والدولة
650 0 4 _aالبابا شنودة الثالث
650 0 4 _aمصر - الاحزاب السياسية
942 _2ddc
_cBK
999 _c48762
_d48762